Statistics for Types of Things #2

Click here to take the quiz!

General Stats

  • This quiz has been taken 73,173 times
  • The average score is 14 of 20

Answer Stats

These are Types ofThis% Correct
10 Speed, Mountain, BMXBicycle
98%
O-, A-, B+Blood
97%
Knife, Fork, SpoonUtensil
94%
Dachshund, Mastiff, WhippetDog
92%
747, F-16, SpitfireAirplane
90%
Botanical, Hanging, ZenGarden
87%
Art, Natural History, WaxMuseum
82%
Igneous, Sedimentary, MetamorphicRock
81%
Spanish, Bird, SwineFlu
80%
Bungalow, Ranch, Cape CodHouse
75%
Slot, Phillips Head, HexScrewdriver
74%
Income, Sales, EstateTax
68%
Linux, Windows, DOSOperating System
68%
Scissor, Corner, RoundhouseKick
67%
Platform, Ballet, BoatShoe
64%
Lithium-ion, Nickel–cadmium, Lead-acidBattery
63%
Auto, Life, UmbrellaInsurance
62%
Anarchism, Utilitarianism, HedonismPhilosophy
30%
Bituminous, Anthracite, LigniteCoal
21%
Lemon, Crab, SwitchGrass
8%

Score Distribution

Percentile by Number Answered

Percent of People with Each Score

Your Score History

You have not taken this quiz